00880nab a22001937a 4500003000400000005001700004008004100021040000700062100002400069245010000093300001300193500003500206505015500241505009000396650002000486650002400506650002300530773013300553OSt20260115184457.0190605e xxu||||| |||| 00| 0 spa d cPJ aChiti, Stella Maris10aCreación del padrón de trabajadores independientes con colaboradores /cStella Maris Chiti. ap. 15-17 aCita Online: AR/DOC/3130/2024. aSumario: I. Introducción.— II. Breve reseña de la figura del "Trabajador Independiente con Colaboradores".— III. Funcionamiento del "PADIC".  t¿Te interesa el texto completo? Solicitalo al correo: koha@justierradelfuego.gov.ar  0aDERECHO LABORAL 0aTRABAJADOR AUTONOMO 0aREGISTROS PUBLICOS0 02711dCiudad Autónoma de Buenos Aires : Thomson Reuters La Ley, 1999-2002.tRevista de derecho del trabajo. Nº 1 - Enero 2025